| 000 | 01416 a2200229 4500 | ||
|---|---|---|---|
| 001 | 40677 | ||
| 005 | 20260407155702.0 | ||
| 008 | 260407a2002 arg spa d | ||
| 003 | AR-UNSa-BCEJYS | ||
| 040 |
_aAR-UNSa-BCEJYS _bspa _cAR-UNSa-BCEJYS |
||
| 080 |
_a336.71 _xBancos. Sistema bancario |
||
| 245 | 1 | 0 |
_aThe changing face of central banking _pevolutionary trends since World War II |
| 020 | _a978-0-521-78025-4 | ||
| 264 | 1 |
_aCambridge : _bCambridge University Press _c2002 |
|
| 300 |
_axix, 347 p. _c23 cm. |
||
| 505 | _a1. The institutional make-up and evolution of central bank-government relations - 2. Legislation alonse does not a central bank make: political structure, governance, and reputation in monetary policy - 3. Central bank personalities and monetary policy performance - 4. Econometric analysis of central bank behavior: an evolutionary approach - 5. Contrasting quantitative and qualitative assessments of central bank behavior and the evolution of monetary policies - 6. Accountability, disclosure, and conflict resolution - 7. Inflation targets versus other inflation control measures: two sides of the same coin? - 8. The changing face of central banking: epilogue | ||
| 041 | _aspa | ||
| 942 | _cBK | ||
| 590 | _aniveau_biblio:m niveau_hierar:0 | ||
| 100 | 1 | _aSiklos, Pierre L. | |
| 856 | 4 | 1 |
_uhttps://biblioeco.unsa.edu.ar/pmb/images/libros/L126243.jpg _yImagen de portada _qimage/jpeg |
| 999 |
_c3287 _d3287 |
||